000 00457nam a22001697a 4500
003 OSt
005 20211223174804.0
008 211223b |||||||| |||| 00| 0 eng d
020 _a1574440071
040 _cHU
082 _a303.69MAS 1996
100 _a Maser, Chris
_92041
245 _a Resolving environmental conflict :
_b towards sustainable community development
260 _c1996
300 _axxiii200P
_bPC
_c22cm
942 _2ddc
_cBOOKS
_n0
999 _c23835
_d23835